Catálogo
 En Linea

La familia Roerich : (Registro nro. 19172)

Detalles MARC
000 -CABECERA
campo de control de longitud fija 00519nam a2200169 a 4500
001 - NÚMERO DE CONTROL
campo de control 000019656
005 - FECHA Y HORA DE LA ÚLTIMA TRANSACCIÓN
campo de control 20200929170107.0
008 - DATOS DE LONGITUD FIJA--INFORMACIÓN GENERAL
campo de control de longitud fija 100702s2001 ru a r 000 0 spa d
040 ## - FUENTE DE LA CATALOGACIÓN
Centro catalogador/agencia de origen DO-SdBNP
Lengua de catalogación spa
Centro/agencia transcriptor BNPHU
082 ## - NÚMERO DE LA CLASIFICACIÓN DECIMAL DEWEY
Número de clasificación xxxx
Número de documento/Ítem R717f
049 ## - FONDOS LOCALES (OCLC)
Fondos de biblioteca BNGR
100 1# - ENTRADA PRINCIPAL--NOMBRE DE PERSONA
Nombre de persona Roerich, Helena
9 (RLIN) 42103
245 13 - MENCIÓN DE TÍTULO
Título La familia Roerich :
Resto del título Shambahala la resplandeciente /
Mención de responsabilidad, etc. Helena Roerich ;.
260 ## - PUBLICACIÓN, DISTRIBUCIÓN, ETC.
Lugar de publicación, distribución, etc. Urisvati :
Nombre del editor, distribuidor, etc. Sociedd Oriental de los Roerich,
Fecha de publicación, distribución, etc. 2001.
300 ## - DESCRIPCIÓN FÍSICA
Extensión 83 p. :
Otras características físicas il. ;
Dimensiones 20 cm.
710 1# - PUNTO DE ACCESO ADICIONAL--NOMBRE DE ENTIDAD CORPORATIVA
Nombre de entidad corporativa o nombre de jurisdicción como elemento de entrada Familia Roerich
9 (RLIN) 42104
Existencias
Estado de retiro Estado de pérdida Restricciones de uso No para préstamo Código de colección Localización permanente Ubicación/localización actual Ubicación en estantería Fecha de adquisición Número de inventario Total de préstamos Signatura topográfica completa Código de barras Fecha visto por última vez Precio válido a partir de Tipo de ítem Koha
        Monografías: Libros y Folletos General General En catalogación 02.07.2010 LF1   xxxx R717f 19656-10 25.06.2020 25.06.2020 Préstamo en sala

Con tecnología Koha